000 01433nam a2200361 a 4500
001 0000332
003 DO-SdBNP
005 20180306111432.0
007 0000332
008 091125s2000 dr a 000 0 spa d
020 _a8482612549
040 _aBPMSU
_bspa
_cBPMSU
092 _a372.832
_bD725c 2do. 2000
100 1 _aDotel, Petronila
245 1 0 _aCívica 2 :
_beducación básica /
_cPetronila Dotel ; dirección editorial Obdulia García de Escobar ; ilustración Ruddy Núñez.
260 _aSanto Domingo :
_bSantillana,
_c2000.
300 _a55 p. :
_bil. ;
_c28 cm.
490 1 _aUmbral
500 _aEste libro ha sido realizado de conformidad con el currículum vigente y ha sido sometido a la aprobación de la SEEC.
505 0 _tConvivencia familar --
_tRelaciones en la escuela --
_tLa comunidad se organiza --
_tCuidemos los recursos --
_tMis derechos --
_tLas normas y las leyes --
650 _aEDUCACIÓN CÍVICA
_xENSEÑANZA BÁSICA
650 _aEDUCACIÓN CÍVICA
_xEDUCACIÓN PRIMARIA
650 _aEDUCACIÓN PRIMARIA
_zREPÚBLICA DOMINICANA
650 _aEDUCACIÓN CÍVICA
_xLIBROS DE TEXTOS
650 _aEDUCACIÓN CÍVICA
_xESTUDIOS Y EJERCICIOS
700 1 2 _aGarcía Escobar, Obdulia de,
_eed.
700 1 2 _aNúñez, Ruddy
_eil.
830 0 _aUmbral
910 _aValidado. Control de calidad MFF
942 _2ddc
_cBK
945 _ainventariado, 2018 / dg
956 _aYLOCKWARD
_b10
999 _c9920
_d9920